|
|
|
|
| LEADER |
01738cas a2200241 a 4500 |
| 001 |
AALejournalIMF007176 |
| 008 |
230101c9999 xx r poo 0 0eng d |
| 020 |
|
|
|c 5.00 USD
|
| 020 |
|
|
|z 9781455283576
|
| 022 |
|
|
|a 1934-7685
|
| 040 |
|
|
|a BD-DhAAL
|c BD-DhAAL
|
| 110 |
2 |
|
|a International Monetary Fund.
|
| 245 |
1 |
0 |
|a Honduras :
|b First Review Under the Stand-By Arrangement and Under the Standby Credit Facility-Staff Report; Staff Statement; Press Release; and Statement by the Executive Director for Honduras.
|
| 264 |
|
1 |
|a Washington, D.C. :
|b International Monetary Fund,
|c 2011.
|
| 300 |
|
|
|a 1 online resource (62 pages)
|
| 490 |
1 |
|
|a IMF Staff Country Reports
|
| 500 |
|
|
|a <strong>Off-Campus Access:</strong> No User ID or Password Required
|
| 500 |
|
|
|a <strong>On-Campus Access:</strong> No User ID or Password Required
|
| 506 |
|
|
|a Electronic access restricted to authorized BRAC University faculty, staff and students
|
| 520 |
3 |
|
|a The authorities' remain committed to lower the fiscal deficit and stabilize the public debt-to-GDP ratio at 30 percent of GDP while improving the quality of expenditure. The authorities agree to maintain public expenditure within the ceilings established in the 2011 budget. Further progress in public sector reform is essential for improving the efficiency and sustainability of public finances. Progress has been made in improving the government's debt management strategy. The central bank has prepared a plan for upgrading the monetary policy framework.
|
| 538 |
|
|
|a Mode of access: Internet
|
| 830 |
|
0 |
|a IMF Staff Country Reports; Country Report ;
|v No. 2011/101
|
| 856 |
4 |
0 |
|z Full text available on IMF
|u http://elibrary.imf.org/view/journals/002/2011/101/002.2011.issue-101-en.xml
|z IMF e-Library
|